Balance de la economía costarricense en 1999: realidad, espejismos y desafíos /

שמור ב:
מידע ביבליוגרפי
מחבר ראשי: Mora Jiménez, Henry Manuel
פורמט: Texto
תגים: הוספת תג
אין תגיות, היה/י הראשונ/ה לתייג את הרשומה!

MARC

LEADER 00000 a a2200000 04500
001 5427
003
040
100 |a Mora Jiménez, Henry Manuel  
245 |a Balance de la economía costarricense en 1999: realidad, espejismos y desafíos /  |c Henry Manuel Mora Jiménez 
773 |g número 12; páginas 47-52  
999 |c 21279  |d 21279 
773 0 |0 42207  |9 3683  |a Universidad Nacional de Costa Rica  |d San José, Costa Rica: UNA, 1996-  |o 18411-SIABUC-2  |t Revista Economía y Sociedad /  |x 14091070